|
|
|
|
| LEADER |
00000nab a2200000uu 4500 |
| 001 |
vtls011484874 |
| 003 |
SK-MaSNL |
| 005 |
20260303155539.0 |
| 008 |
230222|1957 xo |||||||||||||||||cze| |
| 015 |
|
|
|a SNBRB
|
| 035 |
|
|
|a (urnnbn)urn:nbn:sk:snk:ar-0077ys
|
| 035 |
|
|
|a (uuid)e468e347-05d3-4466-90f5-1dd574f7999a
|
| 035 |
|
|
|a urn:nbn:sk:snk-abdbdh
|
| 040 |
|
|
|a SNKBUCL
|b slo
|c SNKBUCL
|e AACR2
|
| 041 |
0 |
|
|a cze
|
| 044 |
|
|
|a xo
|c SK
|
| 100 |
1 |
|
|a Pleva, Milan
|4 aut
|9 372179
|
| 245 |
1 |
0 |
|a NĚKTERÉ NOVÉ POZNATKY O PÁLENÍ VÁPNA V ŠACHTOVÝCH PECÍCH
|c Milan Pleva
|
| 773 |
0 |
|
|t Stavba : časopis pre techniku a ekonomiku stavebníctva
|g Roč. 4, č. 11 (1957), s. 338-343
|
| 958 |
|
|
|a OND
|
| 958 |
|
|
|a EUIPO
|
| 958 |
|
|
|a article18
|
| 999 |
|
|
|c 2040802
|d 2042732
|